| 000 | 00437nam a2200121Ia 4500 | ||
|---|---|---|---|
| 008 | 220615s9999||||xx |||||||||||||| ||und|| | ||
| 100 | _aJean-Marie Tarascon | ||
| 245 | 0 | _aEnergy: Electrochemical Storage and Sustainable Development | |
| 546 | _aEnglish[eng] | ||
| 650 | _asustainable development||environment||nanotechnology||green chemistry||lithium-ion battery||energy | ||
| 856 | _uhttp://books.openedition.org/cdf/4830 | ||
| 942 | _cEB | ||
| 999 |
_c17553 _d17553 |
||